[Event "Hebraica op 32nd"]
[Site "Hebraica"]
[Date "2024.02.03"]
[Round "4"]
[White "Bacha, Helio Arthur"]
[Black "Rachman, Sergio"]
[Result "1-0"]
[WhiteElo "1508"]
[BlackElo "1787"]
[PlyCount "43"]
[EventDate "2024.02.02"]
[EventType "swiss"]
[EventRounds "6"]
[EventCountry "BRA"]
[SourceTitle "CB07_2024"]
[SourceDate "2024.02.14"]
[SourceVersion "1"]
[SourceVersionDate "2024.02.14"]
[SourceQuality "1"]

1. d4 d5 2. Nf3 Nf6 3. c4 e6 4. Bg5 Nbd7 5. e3 Be7 6. Nc3 0-0 7. Rc1 b6 8. cxd5 exd5 9. Bd3 c5 10. 0-0 h6 11. Bxf6 Nxf6 12. Re1 Bb7 13. e4 dxe4 14. Nxe4 Nxe4 15. Bxe4 Bxe4 16. Rxe4 Qd6 17. dxc5 Qxd1+ 18. Rxd1 Bxc5 19. b4 Bxb4 20. Rxb4 Rfe8 21. Kf1 Re7 22. Rbd4 1-0